Country by Continent/Beginning Letter Quiz Stats

 Plays Quiz Updated Feb 13, 2019

Challenge
Share
Tweet
Embed
Score 0/85 Timer 08:00
22 Plays Today
Continent Country % Correct
AfricaEgypt...
92.5%
EuropeFrance...
91.8%
AfricaSao Tome and Principe...
91.3%
AsiaCambodia...
91.1%
AfricaZambia...
90.2%
AsiaIndia...
90.1%
AfricaAlgeria...
90%
AfricaMadagascar...
89.3%
AfricaGabon...
89.2%
EuropeGermany...
89.1%
EuropeDenmark
89%
AfricaCameroon...
88.8%
EuropeIceland...
88.5%
AfricaNamibia...
88.5%
EuropeSan Marino...
88.2%
EuropeAlbania...
87.1%
AsiaJapan...
87%
EuropeBelarus...
86.9%
AfricaLesotho...
85.5%
AfricaTanzania...
84.3%
North AmericaCanada...
84%
EuropePoland...
83.9%
AfricaUganda
83.8%
AsiaSouth Korea...
83%
AsiaMalaysia...
82.8%
EuropeLatvia...
82.8%
AfricaRepublic of the Congo...
82.6%
AsiaQatar
82.5%
AsiaTajikistan...
82.4%
Continent Country % Correct
AfricaBenin...
82%
AsiaLaos...
81.6%
AsiaNorth Korea...
81.3%
EuropeRomania...
81.2%
AsiaYemen
80.1%
EuropeMalta...
80.1%
AsiaAfghanistan...
79.5%
EuropeCroatia...
78.8%
AsiaOman
78.6%
AfricaDemocratic Republic of the Congo...
78.1%
South AmericaBolivia...
77.9%
AsiaPakistan...
77.7%
AsiaBahrain...
76.9%
EuropeHungary
76.8%
EuropeEstonia
76.6%
EuropeNetherlands...
76.5%
AfricaKenya
76.5%
South AmericaChile...
76.3%
AsiaUnited Arab Emirates...
75.6%
AsiaKazakhstan...
75.2%
South AmericaArgentina
74.7%
OceaniaAustralia
74.6%
South AmericaPeru...
74.4%
North AmericaHaiti...
73.5%
North AmericaBahamas...
73.2%
AsiaVietnam
70.7%
South AmericaEcuador
70.7%
EuropeUkraine...
70.5%
North AmericaJamaica
70.2%
Continent Country % Correct
South AmericaUruguay
69.4%
North AmericaMexico
69.1%
OceaniaNauru...
68.8%
South AmericaVenezuela
68.5%
EuropeVatican City
67.9%
North AmericaUnited States of America
67.3%
North AmericaDominica...
65.3%
North AmericaGrenada...
65%
OceaniaFiji
64.3%
AsiaRussia
64.1%
EuropeTurkey
62.9%
North AmericaPanama
61.6%
South AmericaGuyana
60.4%
North AmericaNicaragua
59%
EuropeKosovo
58.9%
AsiaGeorgia
58%
North AmericaEl Salvador
56.9%
South AmericaSuriname
55.8%
OceaniaPapua New Guinea...
55%
OceaniaTuvalu...
52.2%
North AmericaSaint Kitts and Nevis...
51.5%
OceaniaVanuatu
51.2%
OceaniaSolomon Islands...
51%
OceaniaMarshall Islands...
51%
North AmericaAntigua and Barbuda
50.4%
North AmericaTrinidad and Tobago
50%
OceaniaKiribati
47.2%

You're not logged in!

Compare scores with friends on all Sporcle quizzes.
OR
Log In

You Might Also Like...

Show Comments

Extras

Top Quizzes Today


Score Distribution

Your Account Isn't Verified!

In order to create a playlist on Sporcle, you need to verify the email address you used during registration. Go to your Sporcle Settings to finish the process.

Report this User

Report this user for behavior that violates our Community Guidelines.

Details: